000 00807nam a22002297a 4500
003 0
005 20250925084143.0
008 250925b xxu||||| |||| 00| 0 eng d
020 _a978-981-5244-74-8
050 _aHG 1710
_b.D87 2025
100 _aDuran, Randall E.,
_eauthor.
245 _aFinancial services technology TradFi, Fintech and DeFi /
_cRandall E. Duran.
250 _aThird edition.
260 _aSingapore :
_bCengage Learning Asia Pte Ltd,
_c2025.
300 _axxi, 838 pages :
_bcolored illustrations ;
_c26 cm.
504 _aIncludes bibliographical references and index.
650 _aFinancial services industry
_xTechnological innovations.
650 _aFinancial technology.
650 _aBanks and banking
_xAutomation.
650 _aBlockchain (Technology).
942 _2lcc
_cBK
999 _c368088
_d368088